Statistiques concernant Anagrammes de pays du monde en 7 lettres

Cliquez ici pour prendre le quiz!

Statistiques générales

  • Ce quiz a été pris 536 fois
  • Le résultat moyen est 29 sur 38

Statistiques - réponses

AnagrammePays% Correct
HAMABASBahamas
96%
XIMEQUEMexique
95%
ACTIVANVatican
94%
GALERIEAlgérie
92%
ADORNERAndorre
89%
BARBEADBarbade
89%
GORIGEEGeorgie
89%
AMIBIENNamibie
89%
BIVOILEBolivie
87%
RUNDIBUBurundi
87%
BALEINAAlbanie
86%
ALIEMOSSomalie
84%
TIQUEURTurquie
84%
GAINIERNigeria
79%
INUSITETunisie
79%
AUGURYUUruguay
79%
PEGASENEspagne
78%
PONGOLEPologne
77%
MANIEREArmenie
76%
AUVAUNTVanuatu
76%
EROTICACroatie
74%
ABYPASSPays-Bas
74%
VINMATEVietnam
73%
BAUTHONBhoutan
72%
HERINGOHongrie
72%
LANDIERIrlande
71%
ROCEMOSComores
70%
ENTIESOEstonie
70%
HOTELOSLesotho
70%
KANURIEUkraine
70%
LADINESIslande
69%
BILERAILiberia
69%
GANUDAOOuganda
69%
ANGELESSenegal
68%
REVENGONorvege
65%
MAMYRANMyanmar
64%
DERANGEGrenade
57%
MARCIEUMaurice
54%

Distribution des résultats

Percentile par nombre de réponses

% des personnes avec chaque résultat

Votre développement - résultats

Vous n’avez pas pris ce quiz